Регионална библиотека "Любен Каравелов" - Русе

Маски долу! Национализмът на Балканите през ХХ век (Запис номер 322707)

MARC детайли
000 -Лидер
Контролно поле с фиксирана дължина 02128aam a2200469 a 4500
003 - Код на организацията, давaща контролен номер
Контролно поле BLK
005 - Дата и час на последна редакция
Контролно поле 20250519182010.0
008 - Елементи от данни с фиксирана дължина
fixed length control field 181012b bu b|||gr|||| 00| 0 bu d
020 ## - Международен стандартен номер на книга ISBN
Международен стандартен номер на книга ISBN 9789543263448
040 ## - Източник на каталожния запис
Идентификатор на билиотеката - собственик на записа BLK
041 ## - Код за език
Код за езика на текст/звукозапис или на отделно заглавие Български
Код за езика КДБФ Български
080 ## - УДК
Текстов определител УДК Вътрешни работи. Вътрешна политика
УДК код - определител по УДК 323
УДК определител (497)
УДК - код + определител 323(497)
100 ## - Редна дума - Автор
Автор Прешленова, Румяна Илиева
Авторска отговорност първи автор
R(LIN) 1299
139 ## - Редно поле
Редна дума Прешленова, Румяна Илиева
Авторски знак Пре - П 85
245 ## - Сведения за заглавието
Заглавие Маски долу! Национализмът на Балканите през ХХ век
Редно поле (дума) Румяна Прешленова и др.
260 ## - Област на издателските данни
Име на издателя, разпространителя и проч. Парадигма
Година на издаване 2018
Място на издаване, разпространение и проч. София
Информация за издателството София
Печатница Булгед
300 ## - Физическа характеристика
Страници 284 с.
Размери/Мащаб 24 см
Илюстрации и др. с ил., цв. к
380 ## - Жанр
Жанр Обществени науки
500 ## - Общи забележки
Забележка Други авт.: Наум Кайчев, Боби Бобев, Юра Константинова, Калина Пеева, Анета Михайлова<br/>За авторите: с. 282-283<br/>
504 ## - Забележка за наличие на библиография и др
Забележка за наличие на библиография и под. Библиогр. след отд. материали
650 #0 - Допълнително описание по предмет – тема
9 (RLIN) 252859
Основно описание – тема или топоним Национализъм - балкански страни
650 #7 - Допълнително описание по предмет – тема
9 (RLIN) 163708
Основно описание – тема или топоним Национален въпрос и национална политика - балкански страни
653 #7 - Ключова дума – ненормативна
9 (RLIN) 191883
Ключова дума национализъм
653 #7 - Ключова дума – ненормативна
9 (RLIN) 190398
Ключова дума малцинства
653 #7 - Ключова дума – ненормативна
9 (RLIN) 181621
Ключова дума Балкани
700 ## - Други автори (авторска отговорност)
Лично име Кайчев, Наум Илиев
Автороска отговорност (Описва отношението между автора и произведението) съавт.
9 (RLIN) 1445
700 ## - Други автори (авторска отговорност)
Лично име Бобев, Боби Николов
Автороска отговорност (Описва отношението между автора и произведението) съавт.
9 (RLIN) 1445
700 ## - Други автори (авторска отговорност)
Лично име Константинова, Юра Тотева
Автороска отговорност (Описва отношението между автора и произведението) съавт.
9 (RLIN) 1445
700 ## - Други автори (авторска отговорност)
Лично име Пеева, Калина Иванова
Автороска отговорност (Описва отношението между автора и произведението) съавт.
9 (RLIN) 1445
700 ## - Други автори (авторска отговорност)
Лично име Михайлова, Анета Василева
Автороска отговорност (Описва отношението между автора и произведението) съавт.
9 (RLIN) 1445
852 ## - Местоположение
Форматна сигнатура Цб 295410
999 ## - СИСТЕМНИ КОНТРОЛНИ НОМЕРА
Koha biblionumber 322707
Koha biblioitemnumber 322707
942 ## - АРТИКУЛИ
Вид на библиотечния материал Книги
Източник на класификационната схема Universal Decimal Classification
Скрит в OPAC Не
Koha issues (borrowed), all copies 4
944 ## - СЪЗДАВАНЕ И РЕДАКЦИЯ на ЗАПИСА
Създаване/Редакция Редакция
Дата на регистрацията/редакция 2019-07-05
Служител, извършил регистрацията/редакцията 30535
Статус, дата на статуса Христина Везирева
999 ## - СИСТЕМНИ КОНТРОЛНИ НОМЕРА
Koha biblioitemnumber 322707
999 ## - СИСТЕМНИ КОНТРОЛНИ НОМЕРА
Koha biblioitemnumber 322707
999 ## - СИСТЕМНИ КОНТРОЛНИ НОМЕРА
Koha biblioitemnumber 322707
999 ## - СИСТЕМНИ КОНТРОЛНИ НОМЕРА
Koha biblioitemnumber 322707
999 ## - СИСТЕМНИ КОНТРОЛНИ НОМЕРА
Koha biblioitemnumber 322707
999 ## - СИСТЕМНИ КОНТРОЛНИ НОМЕРА
Koha biblioitemnumber 322707
999 ## - СИСТЕМНИ КОНТРОЛНИ НОМЕРА
Koha biblioitemnumber 322707
999 ## - СИСТЕМНИ КОНТРОЛНИ НОМЕРА
Koha biblioitemnumber 322707
Наличности
Код за отписване Код за изгубен артикул Източник на класификационната схема Код за повреда Коз за рестрикции Код за отдаване Артикулен № Име на библиотеката - собственик Име на библиотеката, в която се намира в момента Статус (Текущо местоположение) Дата на вписване в системата Местоположение - отдел Цена в лева Систематично азбучна сигнатура Баркод Цена в евро Служебен тип на артикула
  Не е изгубен Universal Decimal Classification Не е повреден без рестрикции заемане за дома 688091 Регионална библиотека "Любен Каравелов" Русе Регионална библиотека "Любен Каравелов" Русе Заемна - подръчен фонд 2019-01-09 Заемна - подръчен фонд 15.00 П 323/М 37 120000820747 7.67 Книги
  Не е изгубен Universal Decimal Classification Не е повреден без рестрикции ползва се в читалня 729548 Регионална библиотека "Любен Каравелов" Русе Регионална библиотека "Любен Каравелов" Русе Хранилище 2019-07-10 Хранилище 20.00 Цб 295410 120000832869 10.23 Книги
Vip Innovations Ltd, Rousse, Bulgaria 2025